| 000 | 00777nam a2200265Ia 4500 | ||
|---|---|---|---|
| 003 | OSt | ||
| 005 | 20221005073232.0 | ||
| 006 | a|||||r|||| 00| 0 | ||
| 007 | ta | ||
| 008 | 221004b |||||||| |||| 00| 0 eng d | ||
| 020 |
_a9788121213295 (hbk) _cIndian Rupees 990 |
||
| 024 | _a28427 | ||
| 037 |
_bGift, 10/02/2017, _cTextual |
||
| 040 |
_aCRL _cCRL _beng |
||
| 041 |
_2eng _aeng |
||
| 082 | _aV25292, Q6 | ||
| 100 |
_aJafri Saiyid Zaheer Husain _9607845 |
||
| 245 | 0 |
_aAwadh _b from Mughal to colonial rule |
|
| 260 |
_aNew Delhi _bGyan India _c2016 |
||
| 300 |
_a344p. _ccm. |
||
| 650 | _a HISTORY | ||
| 650 |
_aAWADH HISTORY _9607846 |
||
| 942 |
_hV25292, Q6 _cTEXL _2cc |
||
| 999 |
_c980791 _d980791 |
||